| 000 | 00596cam a22002171 4500 | ||
|---|---|---|---|
| 001 | 7970980 | ||
| 003 | ARRUPE | ||
| 005 | 20131106144906.0 | ||
| 008 | 720727s1962 nyu 000 1 eng | ||
| 010 | _a 62018721 | ||
| 035 | _a(OCoLC)367462 | ||
| 040 |
_aDLC _cODaWU _dOCoLC _dViBlbV _dDLC |
||
| 042 | _apremarc | ||
| 050 | 0 | 0 |
_aPZ4.W14 _bSt _aPR6045.A249 |
| 100 | 1 |
_aWain, John. _93401 |
|
| 245 | 1 | 0 | _aStrike the father dead. |
| 260 |
_aNew York, _bSt. Martin's Press _c[1962] |
||
| 300 |
_a328 p. _c21 cm. |
||
| 906 |
_a7 _bcbc _coclcrpl _du _encip _f19 _gy-gencatlg |
||
| 942 |
_2lcc _cMONOGRAPH |
||
| 999 |
_c118554 _d118554 |
||